000 00322nam a2200097Ia 4500
082 _aEJF HARE
245 0 _aChoosing joy, creating abundance : practical tools for mainfesting your desires
100 _a PETERSON, Ellen St. Paul, MN, 2004 1st ed
_977410
942 _cBK
008 210817s9999 xx 000 0 und d
999 _c264370
_d264369